UM Logo

Management information systems/ (Record no. 5817)

MARC details
000 -LEADER
fixed length control field 00520nam a22001697a 4500
008 - FIXED-LENGTH DATA ELEMENTS--GENERAL INFORMATION
fixed length control field 160411b xxu||||| |||| 00| 0 eng d
020 ## - INTERNATIONAL STANDARD BOOK NUMBER
International Standard Book Number 978-93-5014-330-8
082 ## - DEWEY DECIMAL CLASSIFICATION NUMBER
Edition number 2015
Classification number DC 658.4038
Item number G34
100 ## - MAIN ENTRY--PERSONAL NAME
9 (RLIN) 17706
Personal name Ghai, Neha
245 ## - TITLE STATEMENT
Title Management information systems/
Statement of responsibility, etc. Neha Ghai
260 ## - PUBLICATION, DISTRIBUTION, ETC. (IMPRINT)
Place of publication, distribution, etc. New Delhi :
Name of publisher, distributor, etc. S.K. Kataria & Sons,
Date of publication, distribution, etc. c2015.
300 ## - PHYSICAL DESCRIPTION
Extent 271 pages:
Other physical details illustrations;
Dimensions 24 cm.
500 ## - GENERAL NOTE
General note Includes index.
650 #0 - SUBJECT ADDED ENTRY--TOPICAL TERM
9 (RLIN) 17708
Topical term or geographic name as entry element Management information systems.
365 ## - TRADE PRICE
Price amount 850.00
Currency code Php
942 ## - ADDED ENTRY ELEMENTS (KOHA)
Source of classification or shelving scheme Dewey Decimal Classification
Koha item type Circulation
Holdings
Withdrawn status Lost status Source of classification or shelving scheme Damaged status Not for loan Collection code Home library Current library Shelving location Date acquired Source of acquisition Cost, normal purchase price Total Checkouts Full call number Barcode Date last seen Date last checked out Copy number Price effective from Koha item type
    Dewey Decimal Classification     Circulation UM Digos College - LIC UM Digos College - LIC Book Cart 10/27/2016 Purchased 850.00 7 DC 658.4038 G34 2015 24602 05/15/2025 03/07/2018 1 11/21/2016 Circulation